Statistics for New Zealand 2015 Cricket World Cup Squad

Click here to take the quiz!

General Stats

  • This quiz has been taken 149 times
  • The average score is 12 of 15

Answer Stats

HintAnswer% Correct
Brendon McCullum
97%
Martin Guptill
97%
Kane Williamson
96%
Trent Boult
96%
Nathan McCullum
93%
Tim Southee
93%
Ross Taylor
89%
Daniel Vettori
84%
Corey Anderson
75%
Luke Ronchi
74%
Grant Elliott
70%
Tom Latham
66%
Adam Milne
61%
Kyle Mills
40%
Mitchell McClenaghan
30%

Score Distribution

Percentile by Number Answered

Percent of People with Each Score

Your Score History

You have not taken this quiz